Statistics for The ultimate Sponge bob trivia

Click here to take the quiz!

General Stats

  • This quiz has been taken 11 times
  • The average score is 6 of 11

Answer Stats

HintAnswer% Correct
its not just a boulder its a ____rock
90%
who was spongebobs dawing that came to lifedoodlebob
80%
MY NAMES NOT ____rick
70%
How much where spongebobs bubbles25 cents
60%
Perfect time to eat a krabby patty3 am
60%
im dirty ___dan
60%
spongebob had a sickness calledsuds
60%
who invented jellyfishingsquidward
30%
what did spongebob losehis identity
20%
What did squidward eject spongebob withsnail plasma
20%
What did spongebob want from squidward that he will trade a paper forthe shirt off his back
10%

Score Distribution

Percentile by Number Answered

Percent of People with Each Score

Your Score History

You have not taken this quiz